000 00502nam a22001577a 4500
999 _c18398
_d18398
003 OSt
005 20240122093837.0
008 231025b ||||| |||| 00| 0 eng d
040 _c0
082 _aDPer 155.205 January - March 2020 v118, no. 1-3
245 _aJournal of Personality and Social Psychology
260 _aWashington,
_bAmerican Psychological Association,
_cJanuary - March 2020.
300 _avarious paging:
_billustrations;
_c28 cm.
650 _aPsychology.
_949885
942 _2ddc
_cPER